Quizz communes d'Alsace - Statistiques

Statistiques générales
  • Ce quiz a été pris 218 fois
  • Le résultat moyen est 5 sur 13
Statistiques - réponses
Indices Communes % Correct
Ville la plus peuplée d'Alsace Strasbourg
97%
Ville disposant d'une version miniature de la statue de la liberté Colmar
93%
Ville la plus peuplée du Haut-Rhin Mulhouse
93%
Village natal de Sebastien Loeb Haguenau
57%
Ville portant le nom d'une marque d'eau minérale Wattwiller
55%
Ville où est implanté une sucrerie réputée Erstein
48%
Le plus beau marché de Noël de France Kaysersberg
46%
Plus beau village de France en 2022 Bergheim
18%
Le plus haut village d'Alsace (800m) Aubure
13%
Village possedant une plus grande superficie que Paris Orbey
10%
Ville ou se trouve la plus vieille maison d'Alsace Rosheim
6%
Village d'enfance de Claudio Capéo Steinbach
6%
La plus petite commune d'Alsace Blancherupt
5%
Aucun quiz correspondant
Distribution des résultats
% des personnes avec chaque résultat
Percentile par nombre de réponses
Votre historique - résultats
Vous n’avez pas pris ce quiz